[Event "Barcelona Tres Peons op 49th"]
[Site "Barcelona"]
[Date "2020.02.14"]
[Round "6"]
[White "Valls Sole, Josep"]
[Black "Sanmarti Falguera, Ricard"]
[Result "0-1"]
[WhiteElo "1899"]
[BlackElo "1691"]
[PlyCount "130"]
[EventDate "2020.01.10"]
[EventType "swiss"]
[EventRounds "8"]
[EventCountry "ESP"]
[SourceTitle "CBM 195 Extra"]
[Source "ChessBase"]
[SourceDate "2020.05.31"]
[SourceVersion "1"]
[SourceVersionDate "2020.05.31"]
[SourceQuality "1"]

1. e4 c5 2. Nf3 g6 3. c3 d5 4. Bb5+ Bd7 5. Bxd7+ Qxd7 6. exd5 Qxd5 7. 0-0 Nf6 8. d4 Nc6 9. dxc5 Qxc5 10. Qe2 Bg7 11. h3 0-0 12. Be3 Qh5 13. Re1 Rad8 14. Nbd2 Rd7 15. Nd4 Qxe2 16. Rxe2 Nxd4 17. Bxd4 b6 18. Rae1 e6 19. g3 Rfd8 20. f4 Nh5 21. Bxg7 Rxd2 22. Bd4 Rxe2 23. Rxe2 Nxg3 24. Rd2 Nf5 25. Kf2 Nxd4 26. cxd4 Kg7 27. Ke3 Rc8 28. Ke4 Kf6 29. h4 h5 30. a3 Rc1 31. d5 Rc4+ 32. Ke3 exd5 33. Rxd5 Rc2 34. Rd7 Rxb2 35. Rxa7 Rh2 36. Rb7 Rh3+ 37. Ke4 Rxa3 38. Rxb6+ Kg7 39. Ke5 Re3+ 40. Kd4 Rh3 41. Ke5 Rxh4 42. f5 gxf5 43. Kxf5 Rh1 44. Rb3 h4 45. Kg4 Kg6 46. Rb6+ f6 47. Rb8 h3 48. Kg3 Kg5 49. Rg8+ Kf5 50. Rh8 Ke4 51. Re8+ Kf5 52. Rh8 Ra1 53. Rh5+ Kg6 54. Rxh3 Ra3+ 55. Kg2 Rxh3 56. Kxh3 Kf5 57. Kg3 Ke4 58. Kf2 Kf4 59. Kg2 Ke3 60. Kf1 Kf3 61. Ke1 Kg2 62. Ke2 f5 63. Ke3 Kg3 64. Ke2 f4 65. Kf1 Kf3 0-1

[Event "Barcelona Tres Peons 48th"]
[Site "Barcelona"]
[Date "2019.03.01"]
[Round "8.9"]
[White "Orriols Codina, Joan"]
[Black "Sanmarti Falguera, Ricard"]
[Result "1/2-1/2"]
[WhiteElo "1611"]
[BlackElo "1702"]
[PlyCount "77"]
[EventDate "2019.01.11"]
[EventType "swiss"]
[EventRounds "8"]
[EventCountry "ESP"]
[SourceTitle "EXT 2024"]
[Source "ChessBase"]
[SourceDate "2023.10.10"]
[SourceVersion "1"]
[SourceVersionDate "2023.10.10"]
[SourceQuality "1"]

1. e4 d6 2. d4 Nf6 3. Nc3 g6 4. f4 Bg7 5. Nf3 c6 6. Be2 b5 7. Bd3 Bg4 8. Be3 Qa5 9. h3 Bxf3 10. gxf3 b4 11. Ne2 Nbd7 12. Bd2 Qh5 13. Kf2 Qh4+ 14. Kg2 Nh5 15. e5 Bh6 16. Be4 d5 17. Bd3 Nxf4+ 18. Nxf4 Bxf4 19. Bxf4 Qxf4 20. c3 bxc3 21. bxc3 0-0 22. Rb1 Rab8 23. Qe2 h5 24. e6 Nf6 25. exf7+ Kxf7 26. Qc2 g5 27. Bg6+ Kg7 28. Rhe1 Ng8 29. Bxh5 Rf6 30. Rxb8 Qxb8 31. Bg4 Qc7 32. Re5 Kf8 33. Rxg5 Qf4 34. Rf5 Qh6 35. Rxf6+ Nxf6 36. Kg3 Kg7 37. Qe2 Nh5+ 38. Kf2 Kh8 39. Qe3 1/2-1/2

[Event "Barcelona Tres Peons 48th"]
[Site "Barcelona"]
[Date "2019.01.18"]
[Round "2.2"]
[White "Sanmarti Falguera, Ricard"]
[Black "Vargas Drechsler, Carlos"]
[Result "0-1"]
[WhiteElo "1702"]
[BlackElo "1895"]
[PlyCount "87"]
[EventDate "2019.01.11"]
[EventType "swiss"]
[EventRounds "8"]
[EventCountry "ESP"]
[SourceTitle "EXT 2024"]
[Source "ChessBase"]
[SourceDate "2023.10.10"]
[SourceVersion "1"]
[SourceVersionDate "2023.10.10"]
[SourceQuality "1"]

1. c4 Nf6 2. Nc3 e6 3. Nf3 d5 4. cxd5 exd5 5. g3 Be7 6. Bg2 0-0 7. d3 c6 8. 0-0 h6 9. b3 Bf5 10. Bb2 Bh7 11. Rc1 Nbd7 12. a3 Nc5 13. b4 Ne6 14. Na4 b5 15. Nc5 Nxc5 16. bxc5 a5 17. Bd4 Nd7 18. Bh3 Qc7 19. Qd2 Rfe8 20. Qb2 Bf6 21. Rfe1 Ne5 22. Nxe5 Bxe5 23. f4 Bxd4+ 24. Qxd4 Re7 25. Kf2 Rae8 26. e3 a4 27. Qc3 f5 28. d4 g5 29. Re2 gxf4 30. gxf4 Rg7 31. Rg1 Qe7 32. Rxg7+ Kxg7 33. Kg1 Qh4 34. Bg2 Bg6 35. Qe1 Qxe1+ 36. Rxe1 Kf6 37. Bf3 Rg8 38. Kf2 Bf7 39. Bd1 Ke7 40. Rg1 Rxg1 41. Kxg1 Kd8 42. Kf2 Kc7 43. Ke2 Kb7 44. Kd2 0-1

[Event "Sabadell Coral Colon op 10th"]
[Site "Sabadell"]
[Date "2016.03.18"]
[Round "9"]
[White "Sanmarti Falguera, Ricard"]
[Black "Martinez Ferrer, Albert"]
[Result "1/2-1/2"]
[WhiteElo "1719"]
[BlackElo "1805"]
[PlyCount "40"]
[EventDate "2016.01.22"]
[EventType "swiss"]
[EventRounds "9"]
[EventCountry "ESP"]
[SourceTitle "EXT 2017"]
[Source "ChessBase"]
[SourceDate "2016.10.25"]
[SourceVersion "1"]
[SourceVersionDate "2016.10.25"]
[SourceQuality "1"]

1. c4 e6 2. Nf3 d5 3. cxd5 exd5 4. d4 Nf6 5. Nc3 c6 6. e3 Bg4 7. Be2 Bd6 8. a3 Nbd7 9. Bd2 Qe7 10. h3 Bh5 11. Nh4 Bxe2 12. Qxe2 Qe6 13. Nf3 0-0 14. 0-0 Ne4 15. Nxe4 Qxe4 16. Bc3 f5 17. Nd2 Qe7 18. f4 Rae8 19. Rf3 Rf6 20. Qd3 Rg6 1/2-1/2